Elecciones y partidos políticos en México, 1994 /

Obra en que se presenta recopilada, sistematizada y analizada la información estadística y política sobre el proceso electoral en México durante 1994. Las experiencias y los cambios que se generan a raíz de las modificaciones a la ley electoral también son estudiados, en los niveles estatal y federa...

Whakaahuatanga katoa

I tiakina i:
Ngā taipitopito rārangi puna kōrero
Kaituhi matua: Larrosa, Manuel (coord.)
Ētahi atu kaituhi: Valdés Zurita, Leonardo (coordinación) (coordinación)
Hōputu: Pukapuka
Reo:Pāniora
I whakaputaina: México : Universidad Autónoma Metropolitana Iztapalapa : Centro de Estadística y Documentación Electoral : Instituto de Estudios de la Revolución Democrática, 1998, c1998
Ngā marau:
Ngā Tūtohu: Tāpirihia he Tūtohu
Kāore He Tūtohu, Me noho koe te mea tuatahi ki te tūtohu i tēnei pūkete!

MARC

LEADER 00000nam^a2200000^a^4500
001 000099311
005 20250521000000.0
009 20260526121922.927
020 |a 970-654-330-9 
037 |a Acervo ITESO - Biblioteca 
041 |a ESP 
082 |a 324. 97206  |b ELE 1994 
100 |a Larrosa, Manuel  |e (coord.) 
240 1 1 |a [Elecciones y partidos políticos en México] 
245 1 0 |a Elecciones y partidos políticos en México, 1994 /  |c Coord. de M. Larrosa, L. Valdés Zurita. 
264 4 |a México :  |b Universidad Autónoma Metropolitana Iztapalapa :  |b Centro de Estadística y Documentación Electoral :  |b Instituto de Estudios de la Revolución Democrática,  |c 1998, c1998 
300 |a 487 p. 
336 |a texto  |b txt  |2 rdacontenido 
337 |a sin mediación  |b n  |2 rdamedio 
338 |a volumen  |b nc  |2 rdasoporte 
520 |a Obra en que se presenta recopilada, sistematizada y analizada la información estadística y política sobre el proceso electoral en México durante 1994. Las experiencias y los cambios que se generan a raíz de las modificaciones a la ley electoral también son estudiados, en los niveles estatal y federal. 
649 |a XX 
650 |a Elecciones -  |z México -  |x Historia -  |y 1988-1994 
650 |a Sistema Electoral 
650 |a Sistema Político 
650 |a Reforma Electoral 
650 |a Reforma Política 
650 |a Partidos Políticos 
650 |a Democracia 
650 |a Política 
700 |a Valdés Zurita, Leonardo  |e (coordinación) 
910 |a Fondo General 
920 |a Impresos - Libros 
930 |a Colección General 
905 |a 101 
901 |a 0500034118  |b IT1  |c ACC  |u 20250521 
902 |a https://opac.biblio.iteso.mx/vufind/Record/000099311